Lean startup jak budovat úspěšný byznys na základě neustálé inovace
Gespeichert in:
| 1. Verfasser: | |
|---|---|
| Weitere Verfasser: | |
| Format: | Buch |
| Sprache: | Tschechisch |
| Veröffentlicht: |
Brno
BizBooks
2015
|
| Schlagworte: | |
| Tags: |
Keine Tags, Fügen Sie das erste Tag hinzu!
|
MARC
| LEADER | 00000nam a2200000 4500 | ||
|---|---|---|---|
| 001 | 0217091 | ||
| 005 | 20240313085955.1 | ||
| 020 | |a 978-80-265-0389-7 | ||
| 041 | 0 | |a cze | |
| 044 | |a CZ | ||
| 245 | 1 | 0 | |a Lean startup |b jak budovat úspěšný byznys na základě neustálé inovace |c Eric Ries ; překlad: Lukáš Dušek |
| 264 | 1 | |a Brno |b BizBooks |c 2015 | |
| 300 | |a 279 s. | ||
| 610 | 2 | 0 | |a podnikanie |
| 610 | 2 | 0 | |a založenie podniku |
| 610 | 2 | 0 | |a start-up |
| 610 | 2 | 0 | |a stratégia podnikateľská |
| 610 | 2 | 0 | |a inovácia |
| 610 | 2 | 0 | |a riadenie podnikové |
| 100 | 1 | |a Ries, Eric | |
| 700 | 1 | |a Dušek, Lukáš | |